00296pab a2200121 454500008004000000100001800040245004300058260000900101300001200110362001100122650002100133773002000154180718b2011 xxu||||| |||| 00| 0 eng d aBora, Abhijit aHigher education: A few stray thoughts c2011 ap.5-10. a14 Nov aHigher education aUniversity News